Molecular biotechnology principles and practices (Record no. 480355)

000 -LEADER
fixed length control field 00492nam a22001817a 4500
003 - CONTROL NUMBER IDENTIFIER
control field ASAB
005 - DATE AND TIME OF LATEST TRANSACTION
control field 20180827062718.0
008 - FIXED-LENGTH DATA ELEMENTS--GENERAL INFORMATION
fixed length control field 161130t xxu||||| |||| 00| 0 eng d
020 ## - INTERNATIONAL STANDARD BOOK NUMBER
International Standard Book Number 81-7371-501-7
040 ## - CATALOGING SOURCE
Transcribing agency ASAB
082 ## - DEWEY DECIMAL CLASSIFICATION NUMBER
Classification number 572.8
100 ## - MAIN ENTRY--PERSONAL NAME
Personal name Channarayappa
9 (RLIN) 2392
245 ## - TITLE STATEMENT
Title Molecular biotechnology principles and practices
Statement of responsibility, etc. by Channarayappa
260 ## - PUBLICATION, DISTRIBUTION, ETC.
Place of publication, distribution, etc. India.
Name of publisher, distributor, etc. University Press.
Date of publication, distribution, etc. c2006
300 ## - PHYSICAL DESCRIPTION
Extent 1217 P.
630 ## - SUBJECT ADDED ENTRY--UNIFORM TITLE
Uniform title Molecular Biotechnology
9 (RLIN) 3694
942 ## - ADDED ENTRY ELEMENTS (KOHA)
Source of classification or shelving scheme
Koha item type Book
Holdings
Withdrawn status Lost status Source of classification or shelving scheme Damaged status Not for loan Collection code Permanent Location Current Location Date acquired Total Checkouts Full call number Barcode Date last seen Price effective from Koha item type
            Central Library (CL) Central Library (CL) 11/30/2016   572.8 CHA ASAB2061 10/25/2021 11/30/2016 Book
© 2023 Central Library, National University of Sciences and Technology. All Rights Reserved.